Loading...
| Fine Arts - Other Fine Arts | 0 | 6 | 1 | 0 | 55 | 86 | 114.83 | 1 | 3 |
| Literature - American Literature | 0 | 4 | 1 | 2 | 35 | 91 | 135.75 | 1 | 1 |
| Fine Arts - Auditory Fine Arts | 0 | 3 | 0 | 0 | 30 | 100 | 120.33 | 2 | 3 |
| Literature - British Literature | 0 | 3 | 0 | 0 | 30 | 124 | 130.33 | 0 | 1 |
| Philosophy | 0 | 2 | 0 | 0 | 20 | 118 | 120.50 | 0 | 1 |
| History - American History | 0 | 2 | 1 | 1 | 15 | 120 | 129.50 | 0 | 2 |
| Literature - World Literature | 0 | 2 | 1 | 1 | 15 | 100 | 126.50 | 0 | 1 |
| History - European History | 0 | 1 | 0 | 0 | 10 | 95 | 95.00 | 0 | 1 |
| History - World History | 0 | 1 | 0 | 0 | 10 | 83 | 83.00 | 0 | 0 |
| Social Science | 0 | 1 | 0 | 0 | 10 | 97 | 97.00 | 0 | 0 |
| Mythology | 0 | 0 | 1 | 0 | -5 | 0.00 | 0 | 0 | |
| Literature - European Literature | 0 | 0 | 1 | 0 | -5 | 0.00 | 0 | 0 | |
| Fine Arts - Visual Fine Arts | 0 | 0 | 1 | 0 | -5 | 0.00 | 0 | 0 |